[Event "Hessenliga 1921"]
[Site "Hessen"]
[Date "2019.09.22"]
[Round "1.4"]
[White "Kues, Jarl Hendrik"]
[Black "Hahn, Werner"]
[Result "0-1"]
[WhiteElo "2149"]
[BlackElo "2172"]
[PlyCount "50"]
[EventDate "2019.09.22"]
[EventType "team-tourn"]
[EventRounds "9"]
[EventCountry "GER"]
[SourceTitle "EXT 2024"]
[Source "ChessBase"]
[SourceDate "2023.10.10"]
[SourceVersion "1"]
[SourceVersionDate "2023.10.10"]
[SourceQuality "1"]
[WhiteTeam "Frankfurt Bvk"]
[BlackTeam "Griesheim II"]
[WhiteTeamCountry "GER"]
[BlackTeamCountry "GER"]

1. d4 Nf6 2. Bf4 d6 3. e3 Nbd7 4. c3 e5 5. Bg3 Ne4 6. Nd2 Nxg3 7. hxg3 g6 8. Bc4 Bg7 9. Ngf3 Qe7 10. Qc2 c6 11. dxe5 Nxe5 12. Nxe5 dxe5 13. 0-0-0 b5 14. Bb3 a5 15. Ne4 0-0 16. Qe2 a4 17. Bc2 b4 18. Rh4 b3 19. axb3 a3 20. bxa3 Qxa3+ 21. Kd2 Ba6 22. c4 Qb4+ 23. Kc1 Bc8 24. Qe1 Ra1+ 25. Bb1 Qxb3 0-1

[Event "Bamberg op 2nd"]
[Site "Bamberg"]
[Date "2019.05.31"]
[Round "4"]
[White "Laznicka, Viktor"]
[Black "Kues, Jarl Hendrik"]
[Result "1-0"]
[WhiteElo "2660"]
[BlackElo "2137"]
[PlyCount "43"]
[EventDate "2019.05.29"]
[EventType "swiss"]
[EventRounds "7"]
[EventCountry "GER"]
[SourceTitle "CBM 190 Extra"]
[Source "ChessBase"]
[SourceDate "2019.07.15"]
[SourceVersion "1"]
[SourceVersionDate "2019.07.15"]
[SourceQuality "1"]

1. d4 Nf6 2. c4 c5 3. d5 b5 4. cxb5 a6 5. bxa6 g6 6. Nc3 Bxa6 7. Nf3 Bg7 8. e4 Bxf1 9. Kxf1 d6 10. g3 0-0 11. Kg2 Nbd7 12. a4 Ra6 13. Qc2 Qa8 14. Ra3 Rc8 15. Rd1 c4 16. Be3 Nc5 17. Bxc5 Rxc5 18. Nd4 Ng4 19. Nc6 Qb7 20. Rb1 Rcxc6 21. dxc6 Qxc6 22. Nd5 1-0

[Event "Kesarovski Georgiev Memorial 14th"]
[Site "Sunny Beach"]
[Date "2015.09.05"]
[Round "1"]
[White "Merry, Alan B"]
[Black "Kues, Jarl Hendrik"]
[Result "1-0"]
[WhiteElo "2369"]
[BlackElo "2121"]
[PlyCount "87"]
[EventDate "2015.09.05"]
[EventType "swiss"]
[EventRounds "9"]
[EventCountry "BUL"]
[SourceTitle "EXT 2016"]
[Source "ChessBase"]
[SourceDate "2015.10.08"]
[SourceVersion "1"]
[SourceVersionDate "2015.10.08"]
[SourceQuality "1"]

1. e4 c5 2. Nf3 g6 3. c4 Bg7 4. d4 cxd4 5. Nxd4 Nc6 6. Be3 Nf6 7. Nc3 0-0 8. Be2 d6 9. 0-0 Bd7 10. Qd2 Nxd4 11. Bxd4 Bc6 12. f3 a5 13. b3 Nd7 14. Bxg7 Kxg7 15. Rab1 Qb6+ 16. Kh1 Nc5 17. Bd1 Ne6 18. Qb2 Qd4 19. Bc2 Kg8 20. f4 Qg7 21. Qa1 Rfb8 22. Rf2 Nd4 23. a4 Kh8 24. Rbf1 Rf8 25. f5 gxf5 26. exf5 Rg8 27. Nd5 Bxd5 28. cxd5 Rac8 29. f6 Qg4 30. fxe7 Qg7 31. Bd3 Rc7 32. Qe1 Re8 33. Rxf7 Rcxe7 34. Rxe7 Qxe7 35. Qxa5 Qe5 36. Qc7 Qe7 37. Qc3 Qe5 38. h3 Nf3 39. Qxe5+ Nxe5 40. Bb5 Rd8 41. a5 Kg7 42. Rc1 Kf6 43. Rc7 Ra8 44. b4 1-0

[Event "Bundesliga 1213"]
[Site "Germany"]
[Date "2013.04.06"]
[Round "14.8"]
[White "Walter, Stefan"]
[Black "Kues, Jarl Hendrik"]
[Result "1-0"]
[WhiteElo "2358"]
[BlackElo "2134"]
[PlyCount "73"]
[EventDate "2012.10.20"]
[EventType "team-tourn"]
[EventRounds "15"]
[EventCountry "GER"]
[SourceTitle "CBM 154"]
[Source "ChessBase"]
[SourceDate "2013.05.15"]
[SourceVersion "1"]
[SourceVersionDate "2013.05.15"]
[SourceQuality "1"]
[WhiteTeam "Griesheim"]
[BlackTeam "Norderstedt"]
[WhiteTeamCountry "GER"]
[BlackTeamCountry "GER"]

1. d4 d5 2. c4 c6 3. e3 Nf6 4. Nc3 g6 5. b3 Bg7 6. Bb2 0-0 7. Be2 Re8 8. Nf3 Bg4 9. 0-0 e6 10. h3 Bxf3 11. Bxf3 Nbd7 12. Qc2 Rc8 13. Rad1 b5 14. e4 b4 15. Na4 dxe4 16. Bxe4 Nxe4 17. Qxe4 Nb6 18. Nc5 Nd7 19. Qe1 Nxc5 20. dxc5 Qa5 21. Bxg7 Kxg7 22. Qe5+ Kg8 23. h4 Qc7 24. Rd6 Qe7 25. g3 Qf8 26. Rfd1 a5 27. Qe4 h5 28. Kg2 Rc7 29. R1d3 Rec8 30. g4 hxg4 31. Qxg4 Qg7 32. Qf4 Kh7 33. Rg3 Qh6 34. Rg5 f6 35. Qxf6 Rf8 36. Qxe6 Rcf7 37. Rd7 1-0

[Event "Sunny Beach op 10th"]
[Site "Sunny Beach"]
[Date "2011.08.30"]
[Round "4"]
[White "Petrov, Martin"]
[Black "Kues, Jarl Hendrik"]
[Result "1-0"]
[WhiteElo "1933"]
[BlackElo "2170"]
[PlyCount "134"]
[EventDate "2011.08.27"]
[EventType "swiss"]
[EventRounds "9"]
[EventCountry "BUL"]
[SourceTitle "CBM 144 Extra"]
[Source "ChessBase"]
[SourceDate "2011.10.28"]
[SourceVersion "1"]
[SourceVersionDate "2011.10.28"]
[SourceQuality "1"]

1. e4 c5 2. Nf3 g6 3. d4 cxd4 4. Nxd4 Bg7 5. Nc3 Nc6 6. Be3 Nf6 7. Bc4 0-0 8. Bb3 a5 9. 0-0 Ng4 10. Qxg4 Nxd4 11. Qd1 Nxb3 12. axb3 Ra6 13. Qe2 Rc6 14. Nd1 b5 15. c3 Ba6 16. f3 a4 17. b4 d5 18. Nf2 dxe4 19. Nxe4 Qb8 20. Rfd1 e6 21. Bc5 Re8 22. Rd3 Qa8 23. Rad1 h6 24. Kh1 Rc7 25. R1d2 Kh7 26. Rd7 Qc6 27. Qd1 Bc8 28. Rxc7 Qxc7 29. Nd6 Rd8 30. Nxb5 Rxd2 31. Qxd2 Qe5 32. Na3 Bb7 33. Bf2 Bd5 34. Bd4 Qf5 35. Bxg7 Kxg7 36. h3 Bb3 37. Qe2 h5 38. Nb5 e5 39. Nd6 Qg5 40. Ne4 Qc1+ 41. Kh2 h4 42. Qd2 Qb1 43. Nc5 Qf5 44. Ne4 f6 45. Kg1 Qc8 46. Nc5 Bf7 47. Qd7 Qg8 48. Qxa4 Qh7 49. Qc2 Qh6 50. Kf2 Qf4 51. Qe2 f5 52. Nd3 Qg3+ 53. Kg1 e4 54. Nf2 exf3 55. Qxf3 Qg5 56. Qd1 Kh7 57. b3 Be8 58. c4 Qf4 59. b5 g5 60. Qe1 Bf7 61. Nd1 Bh5 62. Nc3 g4 63. hxg4 Qxg4 64. Nd5 Qd4+ 65. Kh1 h3 66. Qe7+ Kh6 67. Qf6+ Bg6 1-0

[Event "Karl Mala Memorial op 14th"]
[Site "Frankfurt"]
[Date "2011.07.09"]
[Round "4"]
[White "Kessler, Marcel"]
[Black "Kues, Jarl Hendrik"]
[Result "1/2-1/2"]
[WhiteElo "1941"]
[BlackElo "2170"]
[PlyCount "164"]
[EventDate "2011.07.07"]
[EventType "swiss"]
[EventRounds "7"]
[EventCountry "GER"]
[SourceTitle "EXT 2012"]
[Source "ChessBase"]
[SourceDate "2011.11.24"]
[SourceVersion "1"]
[SourceVersionDate "2011.11.24"]
[SourceQuality "1"]

1. d4 d5 2. Nf3 Nf6 3. e3 c6 4. Ne5 Nbd7 5. f4 g6 6. Bd3 Bg7 7. 0-0 0-0 8. Nd2 Qc7 9. e4 dxe4 10. Nxe4 Nxe4 11. Bxe4 c5 12. Nf3 Nf6 13. Bd3 Bg4 14. dxc5 Qxc5+ 15. Kh1 Rad8 16. Qe2 Nd5 17. c3 Nxc3 18. bxc3 Qxc3 19. Rb1 Qxd3 20. Qxd3 Rxd3 21. Rxb7 Bxf3 22. gxf3 e6 23. Rxa7 Rc8 24. Kg2 Bd4 25. Ra6 Rdc3 26. Ra4 Rxc1 27. Rxc1 Rxc1 28. Rxd4 Rc2+ 29. Kg3 Rxa2 30. Rd8+ Kg7 31. Rb8 h6 32. h4 Rd2 33. Rb7 Rd5 34. Ra7 g5 35. fxg5 hxg5 36. hxg5 Rxg5+ 37. Kf2 Rb5 38. Ra4 Kg6 39. Ke3 Kf6 40. Rf4+ Ke7 41. Ra4 Rf5 42. Rb4 Kf6 43. Ra4 Kg6 44. Rd4 f6 45. Ra4 Re5+ 46. Kf2 Kf5 47. Rb4 Ra5 48. Ke3 e5 49. Rc4 Rd5 50. Ra4 Rb5 51. Rc4 Rb6 52. Ra4 Ke6 53. Rh4 Rb3+ 54. Kf2 f5 55. Ra4 Kf6 56. Ra5 Rb2+ 57. Ke1 Ke6 58. Kf1 Kf6 59. Ke1 Rc2 60. Rb5 Ra2 61. Kf1 f4 62. Ke1 Kf5 63. Kf1 Rc2 64. Ra5 Rb2 65. Rc5 Kf6 66. Ra5 Kg5 67. Rxe5+ Kh4 68. Ra5 Kg3 69. Ra8 Kxf3 70. Ra3+ Kg4 71. Rc3 Rb1+ 72. Kf2 Rb2+ 73. Kf1 Rb4 74. Ra3 f3 75. Ra8 Kf4 76. Rf8+ Ke3 77. Re8+ Re4 78. Rxe4+ Kxe4 79. Kf2 Kf4 80. Kf1 Ke3 81. Ke1 f2+ 82. Kf1 Kf3 1/2-1/2

[Event "Karl Mala Memorial op 14th"]
[Site "Frankfurt"]
[Date "2011.07.08"]
[Round "2"]
[White "Koestler, Peter"]
[Black "Kues, Jarl Hendrik"]
[Result "1/2-1/2"]
[WhiteElo "1937"]
[BlackElo "2170"]
[PlyCount "124"]
[EventDate "2011.07.07"]
[EventType "swiss"]
[EventRounds "7"]
[EventCountry "GER"]
[SourceTitle "EXT 2012"]
[Source "ChessBase"]
[SourceDate "2011.11.24"]
[SourceVersion "1"]
[SourceVersionDate "2011.11.24"]
[SourceQuality "1"]

1. d4 d5 2. Nf3 c6 3. Bf4 Bf5 4. c3 Nf6 5. e3 h6 6. Qb3 Qb6 7. Nbd2 Nbd7 8. Be2 g5 9. Bg3 Nh5 10. Be5 Nxe5 11. Nxe5 Nf6 12. 0-0 e6 13. h3 Bd6 14. Ndf3 Qc7 15. c4 0-0-0 16. c5 Bxe5 17. Nxe5 Ne4 18. Qa3 f6 19. Nd3 a6 20. b4 h5 21. Qb2 h4 22. f3 Ng3 23. Rf2 Kd7 24. a4 Ra8 25. Ne1 Bg6 26. Bd3 Bh5 27. b5 a5 28. Rb1 Rhb8 29. Qc3 Be8 30. bxc6+ bxc6 31. Rfb2 Rxb2 32. Rxb2 Ke7 33. Rb6 Bd7 34. Qb2 Ra7 35. Rb8 Bc8 36. Qb6 Kd7 37. Nc2 f5 38. Qxc7+ Kxc7 39. Rb6 Nh5 40. Kf2 Nf6 41. Ne1 Nd7 42. Rb2 Bb7 43. e4 fxe4 44. fxe4 Ra8 45. Nf3 dxe4 46. Bxe4 Rg8 47. Nd2 e5 48. Ke3 exd4+ 49. Kxd4 Rd8 50. Nc4 Ba6 51. Nd6 Nxc5 52. Kxc5 Rxd6 53. Rf2 Bc8 54. Rf7+ Bd7 55. Rg7 Rd1 56. Rxg5 Ra1 57. Rg7 Rc1+ 58. Kd4 Kd6 59. Rg6+ Ke7 60. Rg7+ Kd6 61. Rg6+ Ke7 62. Rg7+ Kd6 1/2-1/2

[Event "Karl Mala Memorial op 14th"]
[Site "Frankfurt"]
[Date "2011.07.08"]
[Round "3"]
[White "Kues, Jarl Hendrik"]
[Black "Thumulka, Patrick"]
[Result "1/2-1/2"]
[WhiteElo "2170"]
[BlackElo "1945"]
[PlyCount "156"]
[EventDate "2011.07.07"]
[EventType "swiss"]
[EventRounds "7"]
[EventCountry "GER"]
[SourceTitle "EXT 2012"]
[Source "ChessBase"]
[SourceDate "2011.11.24"]
[SourceVersion "1"]
[SourceVersionDate "2011.11.24"]
[SourceQuality "1"]

1. c4 e6 2. g3 d5 3. Bg2 Nf6 4. Nf3 Bd6 5. 0-0 0-0 6. Qc2 c6 7. d4 Nbd7 8. Nbd2 b6 9. cxd5 cxd5 10. Qc6 Qc7 11. Qxc7 Bxc7 12. Nb1 Bb7 13. Nc3 a6 14. Bf4 Bxf4 15. gxf4 Rac8 16. Ne5 Rc7 17. Rfc1 Rfc8 18. Nxd7 Nxd7 19. e3 b5 20. Ne2 Kf8 21. Rxc7 Rxc7 22. Rc1 Rxc1+ 23. Nxc1 Ke7 24. Nd3 Kd6 25. Bf1 Kc6 26. Be2 Kb6 27. a3 Kc6 28. Bd1 Kd6 29. Bc2 h6 30. Kf1 Bc6 31. Ke1 Kc7 32. Ne5 Nxe5 33. dxe5 Kb6 34. b4 a5 35. Kd2 axb4 36. axb4 Bd7 37. Kc3 f5 38. Kd4 g6 39. Bd1 Be8 40. h4 h5 41. Bf3 Bf7 42. Bg2 Bg8 43. f3 Bf7 44. Bf1 Be8 45. Bd3 Bf7 46. Bc2 Bg8 47. Bb3 Bf7 48. e4 dxe4 49. fxe4 Kc6 50. Bd1 Kb6 51. Bf3 Be8 52. Bd1 Bf7 53. Bc2 Bg8 54. Bb1 Bf7 55. Bc2 Bg8 56. Bb3 Kc6 57. Bd1 Bf7 58. Bf3 Kb6 59. Ke3 Kc7 60. Kf2 Kb6 61. Kg2 Kc7 62. exf5 gxf5 63. Kf2 Kb6 64. Ke3 Kc7 65. Kd4 Kb6 66. Bd1 Be8 67. Bb3 Bf7 68. Bc2 Bg6 69. Bd3 Bh7 70. Bf1 Bg8 71. Bg2 Bf7 72. Bh1 Be8 73. Bg2 Bf7 74. Bh3 Bg6 75. Kd3 Bf7 76. Kc3 Bg6 77. Kd4 Bh7 78. Kc3 Bg6 1/2-1/2

[Event "BL2-Nord 0910"]
[Site "Germany"]
[Date "2010.04.11"]
[Round "9.8"]
[White "Kues, Jarl Hendrik"]
[Black "Holzapfel, Daniel"]
[Result "1/2-1/2"]
[WhiteElo "2174"]
[BlackElo "2282"]
[PlyCount "26"]
[EventDate "2009.10.18"]
[EventType "team-tourn"]
[EventRounds "9"]
[EventCountry "GER"]
[SourceTitle "EXT 2011"]
[Source "ChessBase"]
[SourceDate "2010.11.26"]
[SourceVersion "1"]
[SourceVersionDate "2010.11.26"]
[SourceQuality "1"]
[WhiteTeam "Norderstedt"]
[BlackTeam "Kreuzberg"]
[WhiteTeamCountry "GER"]
[BlackTeamCountry "GER"]

1. c4 Nf6 2. g3 c6 3. Bg2 d5 4. cxd5 cxd5 5. Nf3 Nc6 6. d4 g6 7. 0-0 Bg7 8. Nc3 0-0 9. Ne5 e6 10. Nxc6 bxc6 11. Bg5 h6 12. Bxf6 Qxf6 13. e3 Qe7 1/2-1/2

[Event "BL2-Nord 0809"]
[Site "Germany"]
[Date "2009.03.01"]
[Round "7.8"]
[White "Gruzmann, Boris"]
[Black "Kues, Jarl Hendrik"]
[Result "1-0"]
[WhiteElo "2250"]
[BlackElo "2185"]
[PlyCount "55"]
[EventDate "2008.10.05"]
[EventType "team-tourn"]
[EventRounds "9"]
[EventCountry "GER"]
[SourceTitle "CBM 129 Extra"]
[Source "ChessBase"]
[SourceDate "2009.05.05"]
[SourceVersion "2"]
[SourceVersionDate "2009.05.20"]
[SourceQuality "1"]
[WhiteTeam "Zehlendorf"]
[BlackTeam "Norderstedt"]
[WhiteTeamCountry "GER"]
[BlackTeamCountry "GER"]

1. e4 c5 2. Nf3 g6 3. d4 cxd4 4. Nxd4 Bg7 5. Nc3 Nc6 6. Be3 Nf6 7. Bc4 0-0 8. Bb3 a5 9. f3 a4 10. Bxa4 Nxd4 11. Bxd4 Qa5 12. 0-0 e5 13. Bf2 d5 14. exd5 e4 15. Bb3 exf3 16. Qxf3 Ng4 17. Rad1 Nxf2 18. Rxf2 h5 19. h3 Qb4 20. Qf4 Qb6 21. d6 Ra5 22. Nd5 Qa7 23. Ne7+ Kh8 24. d7 Bxd7 25. Rxd7 Re5 26. Bxf7 Re1+ 27. Kh2 Rxf7 28. Nxg6+ 1-0

[Event "BL2-Nord 0708"]
[Site "Germany"]
[Date "2007.12.09"]
[Round "4.8"]
[White "Kues, Jarl Hendrik"]
[Black "Bachmann, Andreas"]
[Result "1/2-1/2"]
[WhiteElo "2244"]
[BlackElo "2244"]
[PlyCount "55"]
[EventDate "2007.10.21"]
[EventType "team-tourn"]
[EventRounds "9"]
[EventCountry "GER"]
[SourceTitle "EXT 2009"]
[Source "ChessBase"]
[SourceDate "2008.11.26"]
[SourceVersion "1"]
[SourceVersionDate "2008.11.26"]
[SourceQuality "1"]
[WhiteTeam "Hamburger SK  II"]
[BlackTeam "Kreuzberg  II"]
[WhiteTeamCountry "GER"]
[BlackTeamCountry "GER"]

1. c4 g6 2. g3 c5 3. Bg2 Bg7 4. Nc3 Nc6 5. a3 e6 6. Rb1 a5 7. Nb5 d6 8. Nf3 Nge7 9. d4 cxd4 10. Nfxd4 Nxd4 11. Nxd4 0-0 12. 0-0 d5 13. cxd5 Nxd5 14. e4 Nb6 15. Nf3 a4 16. Qe2 Qc7 17. Bf4 Qc4 18. Qe3 Qa6 19. Bh6 Nc4 20. Qg5 f6 21. Qh4 e5 22. Rfd1 Be6 23. Nd2 g5 24. Qh5 Bf7 25. Qh3 Be6 26. Qh5 Bf7 27. Qh3 Qe6 28. Qh5 1/2-1/2

[Event "BL2-Nord 0708"]
[Site "Germany"]
[Date "2007.12.08"]
[Round "6.8"]
[White "Kues, Jarl Hendrik"]
[Black "Rudolf, Henrik"]
[Result "0-1"]
[WhiteElo "2244"]
[BlackElo "2358"]
[PlyCount "116"]
[EventDate "2007.10.21"]
[EventType "team-tourn"]
[EventRounds "9"]
[EventCountry "GER"]
[SourceTitle "EXT 2009"]
[Source "ChessBase"]
[SourceDate "2008.11.26"]
[SourceVersion "1"]
[SourceVersionDate "2008.11.26"]
[SourceQuality "1"]
[WhiteTeam "Hamburger SK  II"]
[BlackTeam "Berlin SF"]
[WhiteTeamCountry "GER"]
[BlackTeamCountry "GER"]

1. Nf3 Nf6 2. c4 g6 3. b4 Bg7 4. Bb2 0-0 5. g3 d6 6. Bg2 e5 7. d3 a6 8. 0-0 Nc6 9. a3 h6 10. Qc2 Be6 11. Nbd2 Qd7 12. d4 exd4 13. Nxd4 Bh3 14. Nxc6 Bxg2 15. Kxg2 Qxc6+ 16. Kg1 Rfe8 17. Rfe1 Re7 18. Qd3 Rae8 19. Rab1 h5 20. b5 axb5 21. cxb5 Qd5 22. Qxd5 Nxd5 23. Bxg7 Kxg7 24. e3 Ra8 25. Rb3 Nb6 26. Rc1 Na4 27. Rbb1 Nc5 28. b6 c6 29. Nb3 Ne6 30. Nd2 Rxa3 31. Rxc6 bxc6 32. b7 Rxb7 33. Rxb7 d5 34. Nf3 Kf6 35. h4 Rc3 36. Kg2 Rc2 37. Ng5 Nxg5 38. hxg5+ Ke6 39. Rc7 c5 40. Kf3 c4 41. Kg2 Ra2 42. Kf1 Kd6 43. Rc8 Ke5 44. f3 Kd6 45. f4 Rc2 46. Ke1 Ke6 47. Rc5 Rg2 48. e4 dxe4 49. Re5+ Kd6 50. Rxe4 Kd5 51. Re7 c3 52. Kd1 Rxg3 53. Rxf7 Ke4 54. Rf6 h4 55. Kc2 h3 56. Rxg6 Kxf4 57. Rg8 Rxg5 58. Rh8 Kg3 0-1

[Event "EU-ch 8th"]
[Site "Dresden"]
[Date "2007.04.07"]
[Round "5"]
[White "Alsina Leal, Daniel"]
[Black "Kues, Jarl Hendrik"]
[Result "1-0"]
[WhiteElo "2428"]
[BlackElo "2243"]
[PlyCount "83"]
[EventDate "2007.04.03"]
[EventType "swiss"]
[EventRounds "11"]
[EventCountry "GER"]
[SourceTitle "CBM 118"]
[Source "ChessBase"]
[SourceDate "2007.05.31"]
[SourceVersion "1"]
[SourceVersionDate "2007.05.31"]
[SourceQuality "1"]

1. e4 e6 2. d4 d5 3. Nc3 Bb4 4. e5 c5 5. a3 Bxc3+ 6. bxc3 Ne7 7. Qg4 0-0 8. Bd3 f5 9. exf6 Rxf6 10. Bg5 Rf7 11. Qh5 g6 12. Qd1 Nbc6 13. Nf3 Qf8 14. 0-0 c4 15. Be2 h6 16. Bc1 Qg7 17. a4 Bd7 18. Ba3 Kh7 19. Bd6 Nf5 20. Be5 Qf8 21. Qc1 Qe7 22. h3 Nh4 23. Nxh4 Nxe5 24. g3 Nc6 25. f4 e5 26. fxe5 Bxh3 27. Rxf7+ Qxf7 28. Kh2 Bd7 29. Qe3 Qe6 30. Rf1 Ne7 31. Rf6 Qh3+ 32. Kg1 Nf5 33. Nxf5 Bxf5 34. Qf4 Rg8 35. Kf2 Qh2+ 36. Ke3 Rg7 37. e6 Bxc2 38. Rf7 Be4 39. Qe5 Qg1+ 40. Kd2 Rxf7 41. exf7 Qf2 42. Qe7 1-0

[Event "EU-ch 8th"]
[Site "Dresden"]
[Date "2007.04.05"]
[Round "3"]
[White "Calder, Dennis"]
[Black "Kues, Jarl Hendrik"]
[Result "1/2-1/2"]
[WhiteElo "2009"]
[BlackElo "2243"]
[PlyCount "133"]
[EventDate "2007.04.03"]
[EventType "swiss"]
[EventRounds "11"]
[EventCountry "GER"]
[SourceTitle "CBM 118"]
[Source "ChessBase"]
[SourceDate "2007.05.31"]
[SourceVersion "1"]
[SourceVersionDate "2007.05.31"]
[SourceQuality "1"]

1. d4 e6 2. Nf3 c5 3. c4 Nf6 4. g3 d5 5. Bg2 Nc6 6. cxd5 Nxd5 7. 0-0 Be7 8. e4 Nf6 9. e5 Nd5 10. dxc5 Bxc5 11. Qc2 Be7 12. a3 Qc7 13. Nc3 Nxc3 14. Qxc3 0-0 15. b4 a6 16. Bb2 Bd7 17. Rac1 Rac8 18. Nd4 Qb8 19. Qf3 Nxd4 20. Bxd4 Bc6 21. Qe3 Bxg2 22. Kxg2 Rxc1 23. Rxc1 Rc8 24. Bc5 Qc7 25. Rc3 Qc6+ 26. Qf3 Qxf3+ 27. Kxf3 b6 28. Bd4 Rxc3+ 29. Bxc3 Kf8 30. Ke4 Ke8 31. a4 b5 32. axb5 axb5 33. g4 Kd7 34. f4 Bh4 35. h3 Be7 36. Be1 Ke8 37. f5 Kd7 38. Bc3 Bf8 39. Bd2 Kc6 40. fxe6 fxe6 41. h4 Be7 42. h5 Kd7 43. Kd4 Ke8 44. Ke4 Kf7 45. Kd4 g6 46. Ke4 Ke8 47. Kd4 Kd7 48. Ke4 Kc6 49. Kd4 Bd8 50. Ke4 Be7 51. Kd4 Kd7 52. Ke4 Ke8 53. Kd4 Kf7 54. Ke4 Kg7 55. Kd4 Kf8 56. Ke4 Kg8 57. Kd3 Bf8 58. Kd4 Kf7 59. Ke4 Ke8 60. Kd4 Kd7 61. Ke4 Kc6 62. Kd4 Be7 63. Ke4 Bh4 64. Kd4 Bg3 65. Ke4 Bf2 66. Bc3 Bh4 67. Bd2 1/2-1/2